Eastern crime: a selection of reports on crime in the St. Petersburg Region and the Baltic countries, 1993 - 1999
| Otros Autores: | |
|---|---|
| Tipo de documento: | Print Libro |
| Lenguaje: | Inglés |
| Publicado: |
Helsinki
Oikeuspoliittinen tutkimuslaitos
1999
|
| En: |
Oikeuspoliittisen Tutkimuslaitoksen julkaisuja (168)
Año: 1999 |
| Disponibilidad en Tübingen: | Disponible en Tübingen. UB: KB 20 A 493 |
| Verificar disponibilidad: | HBZ Gateway |
| Servicio de pedido Subito: | Pedir ahora. |
| Palabras clave: |
MARC
| LEADER | 00000cam a2200000 c 4500 | ||
|---|---|---|---|
| 001 | 1608487865 | ||
| 003 | DE-627 | ||
| 005 | 20220614133557.0 | ||
| 007 | tu | ||
| 008 | 000204s1999 xx ||||| 00| ||eng c | ||
| 020 | |a 9517042426 |9 951-704-242-6 | ||
| 035 | |a (DE-627)1608487865 | ||
| 035 | |a (DE-576)083156003 | ||
| 035 | |a (DE-599)BSZ083156003 | ||
| 035 | |a (OCoLC)45916657 | ||
| 040 | |a DE-627 |b ger |c DE-627 |e rakwb | ||
| 041 | |a eng | ||
| 245 | 0 | 0 | |a Eastern crime |b a selection of reports on crime in the St. Petersburg Region and the Baltic countries, 1993 - 1999 |c ed. by Kauko Aromaa |
| 264 | 1 | |a Helsinki |b Oikeuspoliittinen tutkimuslaitos |c 1999 | |
| 300 | |a 346 S. |b graph. Darst. | ||
| 336 | |a Text |b txt |2 rdacontent | ||
| 337 | |a ohne Hilfsmittel zu benutzen |b n |2 rdamedia | ||
| 338 | |a Band |b nc |2 rdacarrier | ||
| 490 | 1 | |a Oikeuspoliittisen Tutkimuslaitoksen julkaisuja |v 168 | |
| 583 | 1 | |a Archivierung prüfen |c 20200919 |f DE-640 |z 2 |2 pdager | |
| 655 | 7 | |a Aufsatzsammlung |0 (DE-588)4143413-4 |0 (DE-627)105605727 |0 (DE-576)209726091 |2 gnd-content | |
| 689 | 0 | 0 | |d g |0 (DE-588)4267026-3 |0 (DE-627)104243694 |0 (DE-576)210642424 |a Sankt Petersburg |2 gnd |
| 689 | 0 | 1 | |d s |0 (DE-588)4033178-7 |0 (DE-627)10458503X |0 (DE-576)209000511 |a Kriminalität |2 gnd |
| 689 | 0 | 2 | |a z |2 gnd |a Geschichte 1993-1999 |
| 689 | 0 | |5 (DE-627) | |
| 689 | 1 | 0 | |d g |0 (DE-588)4004379-4 |0 (DE-627)104401052 |0 (DE-576)208855599 |a Baltikum |2 gnd |
| 689 | 1 | 1 | |d s |0 (DE-588)4033178-7 |0 (DE-627)10458503X |0 (DE-576)209000511 |a Kriminalität |2 gnd |
| 689 | 1 | 2 | |a z |2 gnd |a Geschichte 1993-1999 |
| 689 | 1 | |5 (DE-627) | |
| 700 | 1 | |a Aromaa, Kauko |e Hrsg. |4 edt | |
| 810 | 2 | |a Oikeuspoliittinen Tutkimuslaitos |g Helsinki |t Oikeuspoliittisen Tutkimuslaitoksen julkaisuja |v 168 |9 168 |w (DE-627)13109291X |w (DE-576)008466092 |w (DE-600)1115904-2 |x 0357-0126 |7 am | |
| 951 | |a BO | ||
| ELC | |b 1 | ||
| LOK | |0 000 xxxxxcx a22 zn 4500 | ||
| LOK | |0 001 3136838122 | ||
| LOK | |0 003 DE-627 | ||
| LOK | |0 004 1608487865 | ||
| LOK | |0 005 20050722000000 | ||
| LOK | |0 008 040702||||||||||||||||ger||||||| | ||
| LOK | |0 040 |a DE-21 |c DE-627 |d DE-21 | ||
| LOK | |0 852 |a DE-21 | ||
| LOK | |0 852 1 |c KB 20 A 493 |9 00 | ||
| LOK | |0 935 |a krim | ||
| LOK | |0 936ln |a k7.2.3 | ||
| LOK | |0 938 |l 22/07/05 |8 6 | ||
| LOK | |0 939 |a 02-07-04 |b l01 | ||
| ORI | |a SA-MARC-krimdoka001.raw | ||
| SIG | |a UB: KB 20 A 493 | ||
| TIM | |a 100019930101_100019991231 |b Geschichte 1993-1999 | ||
